Europe in the sixteenth century (Record no. 553382)
[ view plain ]
| 000 -LEADER | |
|---|---|
| fixed length control field | 00515cam a2200145K 4500 |
| 082 04 - DEWEY DECIMAL CLASSIFICATION NUMBER | |
| Classification number | 940.2 |
| Author Mark | JOH |
| 100 1# - MAIN ENTRY--PERSONAL NAME | |
| Personal name | Johnson, A. H. |
| 9 (RLIN) | 50631 |
| 245 10 - TITLE STATEMENT | |
| Title | Europe in the sixteenth century |
| Remainder of title | 1494-1598, |
| Statement of responsibility, etc. | by A.H. Johnson ... |
| 260 ## - PUBLICATION, DISTRIBUTION, ETC. | |
| Place of publication, distribution, etc. | London, |
| Name of publisher, distributor, etc. | Rivingtons, |
| Date of publication, distribution, etc. | 1909. |
| 300 ## - PHYSICAL DESCRIPTION | |
| Extent | 1 online resource (xv, [1], 492 p.) |
| Other physical details | illus., fold. maps. |
| 490 0# - SERIES STATEMENT | |
| Series statement | Periods of European history, |
| 526 ## - STUDY PROGRAM INFORMATION NOTE | |
| Program name | 0 |
| Interest level | 0 |
| Reading level | 0 |
| Title point value | 940_200000000000000_JOH |
| 856 40 - ELECTRONIC LOCATION AND ACCESS | |
| Uniform Resource Identifier | <a href="http://catalog.hathitrust.org/api/volumes/oclc/18001942.html">http://catalog.hathitrust.org/api/volumes/oclc/18001942.html</a> |
| 942 ## - ADDED ENTRY ELEMENTS (KOHA) | |
| Source of classification or shelving scheme | |
| Koha item type | Book |
| Withdrawn status | Lost status | Source of classification or shelving scheme | Damaged status | Not for loan | Permanent Location | Current Location | Shelving location | Date acquired | Total Checkouts | Full call number | Barcode | Date last seen | Price effective from | Koha item type |
|---|---|---|---|---|---|---|---|---|---|---|---|---|---|---|
| Military College of Engineering (MCE) | Military College of Engineering (MCE) | 02/09/2015 | 940.2 JOH | MCE-ECE/22 | 02/09/2015 | 02/09/2015 | Book |
